000 00988 a2200265 4500
020 _a354066100X
020 _a9783540661009
082 0 4 _a515
090 _c556
_d556
100 1 _aDautray, Robert.
245 1 0 _aMathematical analysis and numerical methods for science and technology :
_b.
_nVolume 4 :
_bintegral equations and numerical methods /
_cRobert Dautray, Jacques-Louis Lions, J.C. Amson, M. Artola, P. Benilan, M. Bernadou, M. Cessenat, J.-C. Nedelec, J. Planchard, B. Scheurer.
260 _a[S.l.] :
_bSpringer,
_c1990.
300 _a504 p. ;
_c24 cm.
700 1 _aLions, Jacques-Louis.
700 1 _aAmson, J.C.
700 1 _aArtola, M.
700 1 _aBenilan, P.
700 1 _aBernadou, M.
700 1 _aCessenat, M.
700 1 _aNedelec, J.-C.
700 1 _aPlanchard, J.
700 1 _aScheurer, B.
942 _aSNS
_cBK
_k530 DAU
999 _c63787
_d63787